[Event "TUR Cup"]
[Site "Denizli"]
[Date "2023.07.18"]
[Round "4"]
[White "Bektas, Cagan Erdem"]
[Black "Metin, Enis"]
[Result "0-1"]
[WhiteElo "1749"]
[BlackElo "1925"]
[PlyCount "42"]
[EventDate "2023.07.16"]
[EventType "team-tourn"]
[EventRounds "9"]
[EventCountry "TUR"]
[SourceTitle "CBM 215 Extra"]
[Source "ChessBase"]
[SourceDate "2023.09.30"]
[SourceVersion "1"]
[SourceVersionDate "2023.09.30"]
[SourceQuality "1"]

1. b4 a5 2. b5 g6 3. Bb2 Nf6 4. a4 Bg7 5. Nf3 d6 6. g3 e5 7. d3 0-0 8. Nbd2 Nbd7 9. Bg2 Re8 10. 0-0 Nc5 11. Ra3 c6 12. bxc6 bxc6 13. Qa1 Nd5 14. Nc4 Rb8 15. Nfd2 Be6 16. d4 Rxb2 17. dxc5 Rxc2 18. Qd1 Nb4 19. Nxd6 Re7 20. Be4 Rxc5 21. Bg2 Qxd6 0-1

[Event "TUR-ch U13/18"]
[Site "Antalya"]
[Date "2023.01.25"]
[Round "6"]
[White "Yaman, Omer Yigit"]
[Black "Bektas, Cagan Erdem"]
[Result "0-1"]
[WhiteElo "1565"]
[BlackElo "1752"]
[PlyCount "84"]
[EventDate "2023.01.17"]
[EventType "swiss"]
[EventRounds "10"]
[EventCountry "TUR"]
[SourceTitle "EXT 2024"]
[Source "ChessBase"]
[SourceDate "2023.10.10"]
[SourceVersion "1"]
[SourceVersionDate "2023.10.10"]
[SourceQuality "1"]

1. e4 c5 2. Nc3 d6 3. g3 g6 4. Bg2 Bg7 5. d3 Nc6 6. Be3 Rb8 7. Qd2 b5 8. Nge2 Nd4 9. 0-0 b4 10. Nd1 a5 11. Nc1 e6 12. c3 Nc6 13. Ne2 h6 14. f4 Nge7 15. Nf2 Ba6 16. g4 c4 17. d4 d5 18. f5 gxf5 19. gxf5 exf5 20. exf5 Nxf5 21. Ng4 Nce7 22. Ng3 Nxg3 23. hxg3 Rb6 24. Rae1 Rg6 25. Qf2 0-0 26. Qf4 Bc8 27. Ne5 Bxe5 28. dxe5 Be6 29. Bc5 Kh7 30. Qh4 Nf5 31. Rxf5 Bxf5 32. Bxf8 Qxf8 33. Rf1 Be6 34. Rf6 Qg7 35. Kh2 Rg4 36. Qh5 Rxg3 37. Qe2 bxc3 38. Qc2+ Rd3 39. bxc3 Qg3+ 40. Kg1 Kg7 41. Rf2 Rxc3 42. Qd2 Qe3 0-1

[Event "TUR-ch U13-U18"]
[Site "Antalya"]
[Date "2020.01.23"]
[Round "8"]
[White "Bektas, Cagan Erdem"]
[Black "Taspinar, Yanki"]
[Result "0-1"]
[WhiteElo "1838"]
[BlackElo "2215"]
[PlyCount "100"]
[EventDate "2020.01.19"]
[EventType "swiss"]
[EventRounds "11"]
[EventCountry "TUR"]
[SourceTitle "CBM 195 Extra"]
[Source "ChessBase"]
[SourceDate "2020.05.31"]
[SourceVersion "1"]
[SourceVersionDate "2020.05.31"]
[SourceQuality "1"]

1. d4 d5 2. c4 e6 3. Nf3 c6 4. Qc2 Nf6 5. Bg5 Nbd7 6. e3 Be7 7. Nc3 0-0 8. Bd3 a6 9. 0-0 h6 10. Bh4 b5 11. cxb5 cxb5 12. a3 Bb7 13. Qe2 Rc8 14. Rac1 Ne8 15. Bxe7 Qxe7 16. e4 dxe4 17. Nxe4 Nef6 18. Ne5 Nxe4 19. Bxe4 Bxe4 20. Qxe4 Nf6 21. Qd3 Qd6 22. Nf3 Nd5 23. Qd2 Ne7 24. Rxc8 Rxc8 25. Rc1 Rd8 26. Rd1 Nf5 27. h3 Qc6 28. Qd3 Rd5 29. Qd2 Qd7 30. Qd3 Nxd4 31. Nxd4 e5 32. Qf3 exd4 33. Qd3 g6 34. Rd2 Qe6 35. Rd1 Kg7 36. Rd2 Qe1+ 37. Kh2 Qe5+ 38. g3 Rd7 39. Rc2 Qd5 40. Rc1 Rd6 41. Rc2 Rf6 42. f4 Re6 43. Rd2 Rd6 44. Kg1 Kh7 45. Kh2 h5 46. h4 Re6 47. Rg2 Re3 48. Qd1 Qe4 49. Rd2 Re1 50. Rxd4 Qh1# 0-1

[Event "World School-ch U13"]
[Site "Antalya"]
[Date "2019.04.20"]
[Round "3"]
[White "Bektas, Cagan Erdem"]
[Black "Kilic, Eray"]
[Result "0-1"]
[WhiteElo "1636"]
[BlackElo "1859"]
[PlyCount "52"]
[EventDate "2019.04.18"]
[EventType "swiss"]
[EventRounds "9"]
[EventCountry "TUR"]
[SourceTitle "CBM 190 Extra"]
[Source "ChessBase"]
[SourceDate "2019.07.15"]
[SourceVersion "1"]
[SourceVersionDate "2019.07.15"]
[SourceQuality "1"]

1. d4 Nf6 2. Bf4 d5 3. e3 e6 4. Nd2 Bd6 5. Bg3 0-0 6. Ngf3 c6 7. Bd3 b6 8. Ne5 Qc7 9. f4 c5 10. c3 Bb7 11. Qf3 Nbd7 12. Bf2 Rad8 13. g4 cxd4 14. exd4 Bxe5 15. fxe5 Nxe5 16. dxe5 d4 17. Qe2 dxc3 18. 0-0 cxd2 19. Bh4 Qc5+ 20. Bf2 Qc6 21. Bd4 Rxd4 22. Kf2 Nxg4+ 23. Kg3 Nxe5 24. Bb1 Rg4+ 25. Kh3 Qg2+ 26. Qxg2 Bxg2# 0-1

[Event "TUR-chT2"]
[Site "Konya"]
[Date "2018.07.15"]
[Round "9.10"]
[White "Bektas, Cagan Erdem"]
[Black "Koc, Ulas"]
[Result "1/2-1/2"]
[WhiteElo "1462"]
[BlackElo "1500"]
[PlyCount "64"]
[EventDate "2018.07.10"]
[EventType "team-swiss"]
[EventRounds "9"]
[EventCountry "TUR"]
[SourceTitle "EXT 2019"]
[Source "ChessBase"]
[SourceDate "2018.10.10"]
[SourceVersion "1"]
[SourceVersionDate "2018.10.10"]
[SourceQuality "1"]
[WhiteTeam "Aydin Zeybek"]
[BlackTeam "Burhaniye"]
[WhiteTeamCountry "TUR"]
[BlackTeamCountry "TUR"]

1. e4 c5 2. Nc3 e6 3. f4 a6 4. Nf3 Nc6 5. e5 d5 6. exd6 Bxd6 7. d3 Nf6 8. Ne4 Be7 9. Be2 b6 10. c3 Qc7 11. Nxf6+ Bxf6 12. 0-0 0-0 13. Qc2 Bb7 14. Nd2 Rfd8 15. Ne4 Be7 16. Be3 Rac8 17. Rf2 Bf8 18. Raf1 Ne7 19. Ng3 g6 20. Ne4 Bg7 21. h3 Nf5 22. Bc1 c4 23. Rd1 cxd3 24. Bxd3 Bxe4 25. Bxe4 Rxd1+ 26. Qxd1 Bd4 27. cxd4 Qxc1 28. Rd2 Qxd1+ 29. Rxd1 Nd6 30. Bd3 a5 31. Kf2 Kf8 32. Ke2 Ke7 1/2-1/2

[Event "TUR-chT2"]
[Site "Konya"]
[Date "2018.07.12"]
[Round "4.16"]
[White "Kavalci, Emin"]
[Black "Bektas, Cagan Erdem"]
[Result "1-0"]
[WhiteElo "1542"]
[BlackElo "1462"]
[PlyCount "77"]
[EventDate "2018.07.10"]
[EventType "team-swiss"]
[EventRounds "9"]
[EventCountry "TUR"]
[SourceTitle "EXT 2019"]
[Source "ChessBase"]
[SourceDate "2018.10.10"]
[SourceVersion "1"]
[SourceVersionDate "2018.10.10"]
[SourceQuality "1"]
[WhiteTeam "Polatli Belediyesi"]
[BlackTeam "Aydin Zeybek"]
[WhiteTeamCountry "TUR"]
[BlackTeamCountry "TUR"]

1. d4 Nf6 2. c4 c5 3. d5 e6 4. Nc3 exd5 5. cxd5 d6 6. e4 g6 7. Be2 Bg7 8. Be3 0-0 9. Nf3 Re8 10. Nd2 a6 11. a4 Qc7 12. 0-0 Nbd7 13. f4 Nb6 14. Rc1 Nbxd5 15. Nxd5 Nxd5 16. Bf2 Nxf4 17. Bc4 Be6 18. Bg3 Nh5 19. Bf2 Bxb2 20. Rc2 Bg7 21. Be2 Nf6 22. e5 Nd7 23. exd6 Qxd6 24. Bf3 Ra7 25. Qc1 Bd4 26. Ne4 Qe5 27. Kh1 Bxf2 28. Rcxf2 Bf5 29. Ng5 Bd3 30. Nxf7 Qd4 31. Nh6+ Kg7 32. Bg4 Ne5 33. Qg5 Qxf2 34. Rxf2 Nf3 35. gxf3 b5 36. Qxc5 Re1+ 37. Kg2 Rae7 38. Qd4+ Kxh6 39. Qxd3 1-0

[Event "TUR-chT2"]
[Site "Konya"]
[Date "2018.07.11"]
[Round "2.12"]
[White "Bektas, Cagan Erdem"]
[Black "Bulgurlu, Okan"]
[Result "1/2-1/2"]
[WhiteElo "1462"]
[BlackElo "2003"]
[PlyCount "130"]
[EventDate "2018.07.10"]
[EventType "team-swiss"]
[EventRounds "9"]
[EventCountry "TUR"]
[SourceTitle "EXT 2019"]
[Source "ChessBase"]
[SourceDate "2018.10.10"]
[SourceVersion "1"]
[SourceVersionDate "2018.10.10"]
[SourceQuality "1"]
[WhiteTeam "Aydin Zeybek"]
[BlackTeam "Pamukkale Yonetimi"]
[WhiteTeamCountry "TUR"]
[BlackTeamCountry "TUR"]

1. e4 d6 2. d4 g6 3. Nf3 Bg7 4. Be2 Nf6 5. Nc3 0-0 6. Bg5 c6 7. Qd2 Re8 8. Bxf6 exf6 9. 0-0-0 f5 10. exf5 Bxf5 11. Kb1 Nd7 12. h3 Nf6 13. Bd3 Bd7 14. Qf4 Be6 15. Rhe1 Nh5 16. Qh2 Qa5 17. Qxd6 Bf8 18. Qh2 Bb4 19. Rxe6 Rxe6 20. Ne4 Rae8 21. Nfg5 Bd6 22. Qg1 R6e7 23. g4 Nf4 24. Nf6+ Kg7 25. Nxe8+ Rxe8 26. Ne4 Bc7 27. h4 Nxd3 28. cxd3 Qd5 29. f4 Rd8 30. f5 Qxd4 31. f6+ Kf8 32. Qf1 Be5 33. Rd2 a5 34. h5 a4 35. hxg6 hxg6 36. a3 Qe3 37. g5 Bf4 38. Qh1 Ke8 39. Rd1 Kd7 40. Qh7 Ke6 41. Qh1 Kf5 42. Qf1 Rd4 43. Ka1 b5 44. Nc5 Kxg5 45. Qg2+ Kxf6 46. Qxc6+ Kg7 47. Qxb5 Rd5 48. d4 Be5 49. Qb7 Bxd4 50. Qxd5 Qxa3+ 51. Qa2 Qxc5 52. Qxa4 Be5 53. Kb1 Qf2 54. Qc2 Qb6 55. Re1 f6 56. Qg2 Qb3 57. Qc2 Qb7 58. Rg1 g5 59. Qd2 Kg6 60. Rf1 f5 61. Qc2 Qe4 62. Qxe4 fxe4 63. Kc2 g4 64. Kd2 Kg5 65. Ke3 Bxb2 1/2-1/2